00745cam a22002174a 4500001000500000005001700005020001800022040002300040050001100063082001000074100002500084245007100109260004800180300004300228490004600271505000800317520009100325521002900416521002000445650006200465353320240318091201.0 a9780736852630 aDLCcDLCdDLCbeng00aQ185.300a502.81 aMartin, Elenad1949-10aSeeing is believing /cby Elena Martin ; consultant, Robert Pastel aBloomington : bRed Brick Learning , c2006 a16 pages : bcoloring pages ; c21 cm. aYellow Umbrella Books (Science - Level A)0 aM  aIntroduces some of the tools that scientists use including microscopes and telescopes. a530 bLexile estimate  aM bRaz-Plus  0aScientific apparatus and instrumentsvJuvenile literature